Statistics for Boston Celtics: Leading Scorer Every Year

Click here to take the quiz!

General Stats

  • This quiz has been taken 223 times
    (26 since last reset)
  • The average score is 53 of 74

Answer Stats

Year Player Average % Correct
1979-1980Larry Bird21.3
100%
2000-2001Paul Pierce25.3
100%
1988-1989Kevin McHale22.5
96%
1963-1964John Havlicek19.9
92%
2014-2015Isaiah Thomas19.0
88%
2019-2020Jayson Tatum23.4
84%
1951-1952Bob Cousy21.7
84%
1962-1963Sam Jones19.7
80%
2018-2019Kyrie Irving23.8
80%
2017-2018Kyrie Irving24.4
76%
1974-1975Dave Cowens20.4
60%
1996-1997Antoine Walker17.5
56%
1976-1977Jo Jo White19.6
52%
1991-1992Reggie Lewis20.8
44%
1955-1956Bill Sharman19.9
40%
2013-2014Jeff Green16.9
40%
1959-1960Tom Heinsohn21.7
40%
1993-1994Dee Brown15.5
36%
1995-1996Dino Radja19.7
16%
1950-1951Ed Macauley20.4
16%
1994-1995Dominique Wilkins17.8
12%
1947-1948Ed Sadowski19.4
4%
1978-1979Bob McAdoo20.6
4%
1949-1950Bob Kinney11.1
0%
1948-1949George Kaftan14.5
0%
1946-1947Connie Simmons10.3
0%

Score Distribution

Percentile by Number Answered

Percent of People with Each Score

Your Score History

You have not taken this quiz since the last reset